Sobrevivencia da primitiva Roda de Oleiro em Portugal (Record no. 46095)
[ view plain ]
| 000 -Etiqueta do registo | |
|---|---|
| Valores | 00446nam a2200157 4500 |
| 100 ## - Dados gerais de processamento | |
| Dados gerais | 20260508 pory50 |
| 101 ## - Língua de publicação | |
| Língua | por |
| 102 ## - País de publicação | |
| País | PT |
| 200 ## - Titulo e menção de responsabilidade | |
| Título próprio | Sobrevivencia da primitiva Roda de Oleiro em Portugal |
| Título paralelo | Portugalia:materiaes para o estudo do povo portuguez |
| Primeira menção de responsabilidade | Rocha Peixoto |
| 210 ## - Publicação | |
| Local de publicação | Porto |
| Nome do editor | Imprensa Portuguesa |
| Data de publicação | 1905 |
| 215 ## - Descrição física | |
| Paginação / Volumes | p. 3-7 |
| Outras indicações físicas | il. |
| 675 ## - CDU | |
| Notação | 738(469) |
| 801 ## - Fonte de origem | |
| País | PT |
| Regras de catalogação | RPC |
| 990 ## - Elementos KOHA | |
| Tipo de documento | Livro |
| Aquisição | Empréstimo | Código de barras | Cota | Permissão de empréstimo | Tipo de documento | Nota relativa ao exemplar |
|---|---|---|---|---|---|---|
| Fundo Local do Concelho | Fundo Local do Concelho | 057213 | 738(469) PEI | Consulta presencial | Livro | fotocópia do original. Separata do Tomo II, fasc. 1 de Portugalia |